| 000 | 00660nam a2200253Ia 4500 | ||
|---|---|---|---|
| 003 | OSt | ||
| 005 | 20221006144648.0 | ||
| 006 | a|||||r|||| 00| 0 | ||
| 007 | ta | ||
| 008 | 221006b |||||||| |||| 00| 0 eng d | ||
| 020 | _cS8.00 | ||
| 024 | _a12,299 | ||
| 037 | _cTextual | ||
| 040 |
_aEASL _cEASL _beng |
||
| 041 |
_2eng _aeng |
||
| 082 | _aV41.N27, 122K5 | ||
| 100 | _aCHESNEAUX Jean | ||
| 245 | 0 | _aLes syndicats chinois 1919-1927 | |
| 260 |
_aParis _bMouton _c1965 |
||
| 300 |
_a305p. _ccm. |
||
| 490 | _aMaison des sciences de lhomme | ||
| 942 |
_hV41.N27, 122K5 _cTEXL _2CC |
||
| 999 |
_c1080385 _d1080385 |
||